{"text_format":"3","workbook":"xlsx","n_sheets":2,"sheets":["E1","E2"],"not_rendered":{"defined_names":2},"read":"whole","date_system":"1900"}

{"sheet":"E1","index":0,"n_rows":38,"n_cols":10,"rows_kept":38,"merged":[[0,0,0,6],[1,1,1,6],[2,1,2,6],[3,1,3,6],[4,1,4,6],[5,1,5,6],[6,1,6,6],[7,1,7,6],[8,1,8,6],[9,1,9,6]]}
["Questions"]
[1,"How to create a pivot table showing total salary and count of employees by Department?"]
[2,"How to create pivot table with Performance Rating breakdown by Department and Status?"]
[3,"How to use pivot table to analyze annual bonus by Department and Experience level?"]
[4,"How to add a Slicer to pivot table to filter by Department interactively?"]
[5,"How to create slicers for both Department and Status to drill down pivot data?"]
[6,"How to use slicer to filter pivot by Performance Rating range?"]
[7,"How to use Goal Seek to find what salary is needed to reach $100000 annual bonus target?"]
[8,"How to find what Bonus Rate is needed for $10000 annual bonus on $50000 salary?"]
[9,"How to determine salary needed to keep annual bonus exactly 15% of salary budget?"]
[]
[]
["Employee ID","Employee Name","Department","Joining Date","Performance Rating","Salary","Experience Years","Status","Bonus Rate","Annual Bonus"]
["EMP001","John May","Sales","2023-06-15",3,30000,1,"Active",{"v":0.1,"d":"10%"},3000]
["EMP002","Peter White","IT","2022-03-10",4,35000,2,"Active",{"v":0.15,"d":"15%"},5250]
["EMP003","Carl Nowak","HR","2021-01-20",5,40000,3,"Active",{"v":0.2,"d":"20%"},8000]
["EMP004","George Ramsay","Finance","2023-11-05",2,45000,4,"On Leave",{"v":0.08,"d":"8%"},3600]
["EMP005","Mertl Pavel","Operations","2019-05-12",3,50000,5,"Active",{"v":0.12,"d":"12%"},6000]
["EMP006","Sarah Chen","Sales","2018-08-22",4,55000,6,"Active",{"v":0.16,"d":"16%"},8800]
["EMP007","Alice Johnson","IT","2017-02-08",5,60000,7,"Active",{"v":0.22,"d":"22%"},13200]
["EMP008","Bob Smith","HR","2016-12-01",3,30000,8,"Inactive",{"v":0.1,"d":"10%"},3000]
["EMP009","Carol Davis","Finance","2022-07-14",4,35000,9,"Active",{"v":0.14,"d":"14%"},4900]
["EMP010","Diana Prince","Operations","2020-09-03",2,40000,10,"On Leave",{"v":0.09,"d":"9%"},3600]
["EMP011","Evan Moore","Sales","2019-04-18",5,45000,2,"Active",{"v":0.18,"d":"18%"},8100]
["EMP012","Frank Miller","IT","2021-11-30",3,50000,3,"Active",{"v":0.11,"d":"11%"},5500]
["EMP013","Grace Lee","HR","2020-05-25",4,55000,4,"Active",{"v":0.15,"d":"15%"},8250]
["EMP014","Henry Wilson","Finance","2018-02-14",2,60000,5,"Active",{"v":0.1,"d":"10%"},6000]
["EMP015","Iris Anderson","Operations","2023-01-09",3,30000,1,"Active",{"v":0.12,"d":"12%"},3600]
["EMP016","Jack Brown","Sales","2022-10-16",4,35000,6,"Inactive",{"v":0.14,"d":"14%"},4900]
["EMP017","Karen Thomas","IT","2017-06-05",5,40000,7,"Active",{"v":0.2,"d":"20%"},8000]
["EMP018","Liam Martin","HR","2021-03-22",3,45000,8,"Active",{"v":0.11,"d":"11%"},4950]
["EMP019","Maria Garcia","Finance","2023-08-11",4,50000,2,"Active",{"v":0.16,"d":"16%"},8000]
["EMP020","Nina Taylor","Operations","2020-12-07",2,55000,3,"On Leave",{"v":0.09,"d":"9%"},4950]
["EMP021","Oscar Harris","Sales","2019-09-20",3,60000,4,"Active",{"v":0.13,"d":"13%"},7800]
["EMP022","Patricia Clark","IT","2022-01-11",4,30000,5,"Active",{"v":0.14,"d":"14%"},4200]
["EMP023","Quinn Lewis","HR","2018-07-03",5,35000,6,"Active",{"v":0.19,"d":"19%"},6650]
["EMP024","Rachel Walker","Finance","2021-09-28",3,40000,7,"Active",{"v":0.12,"d":"12%"},4800]
["EMP025","Steve Hall","Operations","2020-04-14",4,45000,8,"Active",{"v":0.15,"d":"15%"},6750]

{"sheet":"E2","index":1,"n_rows":33,"n_cols":10,"rows_kept":33,"merged":[[0,0,0,6],[1,1,1,6],[2,1,2,6],[3,1,3,6],[4,1,4,6]]}
["Questions"]
[10,"How to create scenarios to test salary increase impact: Base, 5% raise, 10% raise?"]
[11,"How to compare three bonus rate scenarios: Conservative 8%, Standard 15%, Aggressive 20%?"]
[12,"How to create one-variable data table showing annual bonus for salary range $30k-$60k?"]
[13,"How to create two-variable data table showing annual bonus for salary AND bonus rate variations?"]
[]
[]
["Employee ID","Employee Name","Department","Joining Date","Performance Rating","Salary","Experience Years","Status","Bonus Rate","Annual Bonus"]
["EMP001","John May","Sales","2023-06-15",3,30000,1,"Active",{"v":0.1,"d":"10%"},3000]
["EMP002","Peter White","IT","2022-03-10",4,35000,2,"Active",{"v":0.15,"d":"15%"},5250]
["EMP003","Carl Nowak","HR","2021-01-20",5,40000,3,"Active",{"v":0.2,"d":"20%"},8000]
["EMP004","George Ramsay","Finance","2023-11-05",2,45000,4,"On Leave",{"v":0.08,"d":"8%"},3600]
["EMP005","Mertl Pavel","Operations","2019-05-12",3,50000,5,"Active",{"v":0.12,"d":"12%"},6000]
["EMP006","Sarah Chen","Sales","2018-08-22",4,55000,6,"Active",{"v":0.16,"d":"16%"},8800]
["EMP007","Alice Johnson","IT","2017-02-08",5,60000,7,"Active",{"v":0.22,"d":"22%"},13200]
["EMP008","Bob Smith","HR","2016-12-01",3,30000,8,"Inactive",{"v":0.1,"d":"10%"},3000]
["EMP009","Carol Davis","Finance","2022-07-14",4,35000,9,"Active",{"v":0.14,"d":"14%"},4900]
["EMP010","Diana Prince","Operations","2020-09-03",2,40000,10,"On Leave",{"v":0.09,"d":"9%"},3600]
["EMP011","Evan Moore","Sales","2019-04-18",5,45000,2,"Active",{"v":0.18,"d":"18%"},8100]
["EMP012","Frank Miller","IT","2021-11-30",3,50000,3,"Active",{"v":0.11,"d":"11%"},5500]
["EMP013","Grace Lee","HR","2020-05-25",4,55000,4,"Active",{"v":0.15,"d":"15%"},8250]
["EMP014","Henry Wilson","Finance","2018-02-14",2,60000,5,"Active",{"v":0.1,"d":"10%"},6000]
["EMP015","Iris Anderson","Operations","2023-01-09",3,30000,1,"Active",{"v":0.12,"d":"12%"},3600]
["EMP016","Jack Brown","Sales","2022-10-16",4,35000,6,"Inactive",{"v":0.14,"d":"14%"},4900]
["EMP017","Karen Thomas","IT","2017-06-05",5,40000,7,"Active",{"v":0.2,"d":"20%"},8000]
["EMP018","Liam Martin","HR","2021-03-22",3,45000,8,"Active",{"v":0.11,"d":"11%"},4950]
["EMP019","Maria Garcia","Finance","2023-08-11",4,50000,2,"Active",{"v":0.16,"d":"16%"},8000]
["EMP020","Nina Taylor","Operations","2020-12-07",2,55000,3,"On Leave",{"v":0.09,"d":"9%"},4950]
["EMP021","Oscar Harris","Sales","2019-09-20",3,60000,4,"Active",{"v":0.13,"d":"13%"},7800]
["EMP022","Patricia Clark","IT","2022-01-11",4,30000,5,"Active",{"v":0.14,"d":"14%"},4200]
["EMP023","Quinn Lewis","HR","2018-07-03",5,35000,6,"Active",{"v":0.19,"d":"19%"},6650]
["EMP024","Rachel Walker","Finance","2021-09-28",3,40000,7,"Active",{"v":0.12,"d":"12%"},4800]
["EMP025","Steve Hall","Operations","2020-04-14",4,45000,8,"Active",{"v":0.15,"d":"15%"},6750]